| 000 | 01047nam a2200265 i 4500 | ||
|---|---|---|---|
| 001 | 18000 | ||
| 003 | ES-MaACL | ||
| 005 | 20230906151733.0 | ||
| 007 | t| | ||
| 008 | 010807s2001 sp ||||0| spa j | ||
| 020 | _a84-95394-13-8 | ||
| 040 |
_aM-BN _bspa _cM-BN |
||
| 080 | _a016:39(460.288) | ||
| 100 | 1 |
_aJordán Montés, Juan Francisco. _966924 |
|
| 245 | 1 | 0 |
_aRecorridos por la bibliografía etnológica de la provincia de Albacete _b: comentarios bibliográficos / _cJ.F. Jordán Montés y J.A. Molina Gómez. |
| 260 |
_aAlbacete : _bInstituto de Estudios Albacetenses "Don Juan Manuel", _c[2001] |
||
| 300 |
_a155 p ; _c22 cm. |
||
| 490 | 1 |
_aSerie 0--Corpus, documenta y bibliografía ; _vn. 14 |
|
| 650 | 4 |
_aAntropología cultural y social- _zAlbacete (Provincia)- _vBibliografías. _99868 |
|
| 700 | 1 |
_aMolina Gómez, J. A. _981939 |
|
| 710 | 2 |
_aInstituto de Estudios Albacetenses. _94884 |
|
| 830 | 0 |
_aSerie 0--Corpus, documenta y bibliografía ; _vn. 14 _9179464 |
|
| 852 |
_aES-MaACL _jL-24799 _bR.129758 |
||
| 999 |
_c18000 _d18000 |
||